000 00323nam a2200145Ia 4500
008 220923s9999 xx 000 0 und d
082 _bRED
100 _aREDDY, G.B.
245 0 _aJUDICIAL ACTIVISM IN INDIA
250 _a2ND
260 _c2013
300 _a632
650 _aJudical Activism In India
942 _cBK
999 _c195660
_d195660